000 00903nas a2200277 4500
001 BR0801813
003 BR-BrBNA
005 20231205111829.0
007 ta
008 230509b bl.|||p| |||| 00| 00por d
040 _aBR-BrBNA
_bpor
_cBiblioteca Nacional de Agricultura
041 _a(Pt)
072 _aQ03
100 1 _aRolim, H.M.V.
100 1 _aTorres, M.C.L.
245 1 _aOcorrência de coliformes fecais e Escherichia coli em alface comercializada em Goiânia-GO
650 _aALFACE
650 _aCOLIFORME
650 _aCONTAMINAÇÃO
650 _aHIGIENE DE ALIMENTO
650 _aCOMERCIALIZAÇÃO
650 _aSEGURANÇA ALIMENTAR
773 0 _tAnais da Escola de Agronomia e Veterinária - Universidade Federal de Goiás (Brazil)
_xISSN 0100-218X
_g(Jan 1991-Dec 1992), v. 21-22 p. 47-53
_wBR0801813
909 _a202311
_bLúcia
_c55
_dLúcia Elande
942 _2AGRIS
_n0
_cANA
999 _c194691
_d194691